| 000 | 01031nam a2200289 a 4500 | ||
|---|---|---|---|
| 003 | EG-GiCUC | ||
| 008 | 100304s2006 su a g 000 0 ara d | ||
| 017 | _a1427 / 3438 | ||
| 020 | _a9960529657 | ||
| 040 |
_aEG-GiCUC _bara _cEG-GiCUC |
||
| 043 | _aa-su--- | ||
| 092 | 0 | 4 |
_a307.7609531 _bM9539 _221 |
| 099 |
_a04 _a307.7609531 M9539 |
||
| 100 | 1 | _aالمخلفى : محمد بن مسعد بن صقر | |
| 245 | 1 | 2 |
_aالحناكية(نخل) : _bتاريخها : جغرافيتها : آثارها / _cتأليف محمد بن مسعد بن صقر المخلفى |
| 250 | _a 1ط | ||
| 260 |
_aالرياض : _bم.م.ن صقر المخلفى : _c2006 |
||
| 300 |
_a224ص : _b؛ايض _c24سم |
||
| 504 | _aيشتمل على ارجاعات ببليوجرافية (ص220-221) | ||
| 650 | 7 |
_aالمدن _zالسعودية _2qrmak |
|
| 651 | 7 |
_aالحناكية(السعودية) _xتاريخ _2qrmak |
|
| 902 | _a1 | ||
| 905 |
_aرضا _eمدخل |
||
| 905 | _eمراجع | ||
| 942 |
_2ddc _cBK |
||
| 999 |
_c118068 _d118068 |
||